000 00396nam a22001697a 4500
003 MPLRDC
005 20220104113815.0
008 210129b ||||| |||| 00| 0 eng d
082 _a782.881 LX-21
100 _a--
245 _a鲁迅
_c
250 _a初版
260 _a中国
_b文物出版社
_c1976
300 _b
650 _a中国人物传记--鲁迅
942 _cBK
_o782.881 LX-21
999 _c2515
_d2505